Science Quiz

Random Science or Latin Quiz

Moon Seas Quiz Stats

 Plays Quiz Updated Jun 6, 2018

Score 0/22 Timer 06:00
0 Plays Today
Latin Name English Name % Correct
Mare TranquillitatisSea of Tranquility
93.1%
Mare SerenitatisSea of Serenity
69.9%
Mare NectarisSea of Nectar
56.6%
Mare OrientaleEastern Sea
40.7%
Mare VaporumSea of Vapors
38.4%
Mare AustraleSouthern Sea
35.7%
Mare FrigorisSea of Cold
34.6%
Mare Humboldtianum Humboldt's Sea
30.5%
Mare FecunditatisSea of Fecundity
25.7%
Mare SmythiiSmyth's Sea
24.8%
Mare NubiumSea of Clouds
24.3%
Latin Name English Name % Correct
Mare Insularum Sea of Islands
21%
Mare UndarumSea of Waves
16.7%
Mare CrisiumSea of Crises
15.8%
Mare MarginisSea of the Edge
14.2%
Mare CognitumSea that has become known
12.5%
Mare AnguisSerpent Sea
10.6%
Mare MoscovienseSea of Muscovy
10.5%
Mare SpumansFoaming Sea
9.2%
Mare ImbriumSea of Showers
8.9%
Mare HumorumSea of Moisture
8.7%
Mare IngeniiSea of Cleverness
7.2%

You're not logged in!

Compare scores with friends on all Sporcle quizzes.
OR
Log In

Sporcle TV

Today on Sporcle TV


Watch our educational content, quiz creation guides, and fun videos on Sporcle TV.

Show Comments

Extras

Top Quizzes Today


Score Distribution

Your Account Isn't Verified!

In order to create a playlist on Sporcle, you need to verify the email address you used during registration. Go to your Sporcle Settings to finish the process.

Report this User

Report this user for behavior that violates our Community Guidelines.

Details: